Revista Dikaion

Detalles Bibliográficos
Formato: eBook
Lenguaje:español
Publicado: Cha̕: Universidad de La Sabana, 1987 -
Materias:
Acceso en línea:Acceso restringido

MARC

LEADER 00000nam a22000007a 4500
005 20191118203641.0
007 cr|||| ||||
008 191118c19879999co fr|w s|||| 0|||b1spa d
022 |a 0120-8942 
035 |a 30884 
040 |a vLex 
090 |c 10065  |d 10065 
245 0 0 |a Revista Dikaion  |h [Recurso electrn̤ico] / 
256 |a Servicio en ln̕ea 
260 |a Cha̕:  |b Universidad de La Sabana,  |c 1987 - 
300 |a 1 recurso electrn̤ico 
310 |a Semestral 
362 |a Nð 1 (Jul. 1987) - 
506 1 |a Disponible solo en los productos indicados  |d vLex Global  |d vLex Global (Academic Edition, excluding Law Schools)  |d vLex Global (U.S. Academic Edition, Law Schools)  |d vLex Global (U.S. Academic Edition, excluding Law Schools)  |d vLex Global (Academic Edition, Law Schools) 
650 0 4 |a Derecho Civil  |z Colombia 
740 0 |a vLex Revistas (Servicio en ln̕ea) 
856 4 0 |u http://vlex.com/source/revista-dikaion-30884  |z Acceso restringido 
942 |c REV 
999 0 |a Civil Law